[Event "27th ECC Women 2023"]
[Site "Durres ALB"]
[Date "2023.10.06"]
[Round "6.2"]
[Board "4"]
[White "Efroimski, Marsel"]
[Black "Zhukova, Natalia"]
[Result "1/2-1/2"]
[WhiteTitle "IM"]
[BlackTitle "GM"]
[WhiteElo "2447"]
[BlackElo "2303"]
[WhiteTeam "Superchess"]
[BlackTeam "SP Gaz Ukraine"]
[WhiteFideId "2810964"]
[BlackFideId "14101513"]
[EventDate "2023.10.01"]

1. e4 e5 2. Nf3 Nc6 3. Bb5 a6 4. Ba4 g6 5. Nc3 Bg7 6. Nd5 Nge7 7. d3 Nxd5 8.
exd5 Ne7 9. Qe2 O-O 10. Bb3 d6 11. a4 b6 12. O-O Bb7 13. c4 c6 14. dxc6 Bxc6 15.
Bd2 Nf5 16. Bc3 Re8 17. Bd1 d5 18. Nd2 Nd4 19. Bxd4 exd4 20. Qf3 Qg5 21. Nb3
Rab8 22. a5 Rec8 23. c5 bxc5 24. Nxc5 Rxb2 25. Na4 Bxa4 26. Bxa4 h5 27. Rfb1
Rxb1+ 28. Rxb1 Rc1+ 29. Rxc1 Qxc1+ 30. Qd1 Qc3 31. g3 Qxa5 32. Qb3 Qc3 33. Kg2
Qxb3 34. Bxb3 Kf8 35. Bxd5 Ke7 36. f4 a5 37. Bb3 f6 38. Kf3 f5 39. h4 Bf8 40.
Ke2 Kf6 41. Kd1 Bb4 42. Ba4 Ke7 43. Bb3 Bd6 44. Ke2 Bc7 45. Ba4 Bd6 46. Ke1 Ba3
47. Ke2 Bb4 48. Bb5 Bd6 49. Ba4 Bc7 50. Bb5 Bd8 51. Ba4 Kf8 52. Bb5 Bf6 53. Ba4
Ke7 54. Kd2 Bg7 55. Bb5 Kd8 56. Ba4 Bf8 57. Bb5 Bd6 58. Ke2 Ke7 59. Ba4 Bc7 60.
Bb5 Bd8 61. Ba4 Bb6 1/2-1/2

[Event "27th ECC Women 2023"]
[Site "Durres ALB"]
[Date "2023.10.06"]
[Round "6.3"]
[Board "1"]
[White "Muzychuk, Mariya"]
[Black "Khotenashvili, Bella"]
[Result "0-1"]
[WhiteTitle "GM"]
[BlackTitle "GM"]
[WhiteElo "2519"]
[BlackElo "2483"]
[WhiteTeam "Monte Carlo"]
[BlackTeam "Garuda Ajka BSK"]
[WhiteFideId "14114550"]
[BlackFideId "13602640"]
[EventDate "2023.10.01"]

1. e4 c6 2. Nc3 d5 3. Nf3 Bg4 4. h3 Bxf3 5. Qxf3 e6 6. d4 dxe4 7. Qxe4 Nf6 8.
Qd3 Nbd7 9. g3 Be7 10. Bg2 O-O 11. O-O Qb6 12. Ne2 Rfd8 13. c4 a5 14. Be3 a4 15.
Qc2 Qa5 16. Rfd1 a3 17. bxa3 Qxa3 18. Rdb1 Qa6 19. Qb3 Ba3 20. f4 Rab8 21. Nc3
h5 22. Kh2 Rdc8 23. Bf3 Qa5 24. g4 h4 25. g5 Ne8 26. g6 fxg6 27. c5 Nc7 28. Ne4
b6 29. Nd6 bxc5 30. Qd3 c4 31. Nxc4 Qa6 32. Be2 Nd5 33. Bd2 Be7 34. Qxg6 Nf8 35.
Qc2 Bf6 36. Qe4 Rxb1 37. Rxb1 Qxa2 38. Rg1 Rd8 39. Rg2 Ne7 40. Be3 Nf5 41. Qxc6
Nxd4 42. Bxd4 Rxd4 43. Ne3 Qd2 44. Qf3 Qc3 45. Rg4 Rd2 46. Rg2 Rd4 47. Rg4 Qb2
48. Kh1 Qc1+ 49. Kg2 Rd2 50. Kf2 Rb2 51. f5 Rb1 52. Qf4 Qe1+ 53. Kf3 Qh1+ 54.
Kf2 Qe1+ 55. Kf3 Rb2 56. Rg2 Nd7 57. Nc4 Rb3+ 58. Kg4 Rg3+ 59. Rxg3 Qxe2+ 60.
Rf3 e5 61. Qe3 Qxc4+ 62. Kh5 Qf7+ 63. Kg4 Qc4+ 64. Kh5 Kh7 65. Qb3 Qe2 66. Qe3
Qg2 67. Rf2 Qd5 68. Rd2 Qf7+ 69. Kg4 Qc4+ 70. Kf3 Nc5 71. Rd1 Qc2 72. Rc1 Qxf5+
73. Ke2 Ne6 74. Rf1 Nd4+ 75. Qxd4 Qxf1+ 0-1

[Event "27th ECC Women 2023"]
[Site "Durres ALB"]
[Date "2023.10.06"]
[Round "6.3"]
[Board "2"]
[White "Salimova, Nurgyul"]
[Black "Muzychuk, Anna"]
[Result "1/2-1/2"]
[WhiteTitle "IM"]
[BlackTitle "GM"]
[WhiteElo "2424"]
[BlackElo "2510"]
[WhiteTeam "Garuda Ajka BSK"]
[BlackTeam "Monte Carlo"]
[WhiteFideId "2915138"]
[BlackFideId "14111330"]
[EventDate "2023.10.01"]

1. d4 Nf6 2. Nf3 g6 3. c4 Bg7 4. Nc3 d5 5. cxd5 Nxd5 6. e4 Nxc3 7. bxc3 c5 8.
Bb5+ Nc6 9. O-O O-O 10. Bxc6 bxc6 11. Qc2 cxd4 12. cxd4 Bg4 13. Ne5 Qxd4 14. Bb2
Qb6 15. Rab1 Bxe5 16. Bxe5 Qa5 17. Bc3 Qc5 18. Qb2 Qd6 19. Be5 Qd3 20. Qb4 Rfe8
21. Rb3 Qe2 22. Ba1 Rad8 23. Re3 Qxa2 24. Qc3 e5 25. Qxc6 Bd7 26. Qf6 Qe6 27.
Qh4 Qg4 28. Qf6 Qe6 29. Qh4 Bb5 30. Rfe1 Rd3 31. Rxd3 Bxd3 32. Qg3 Bc2 33. h4 f6
34. Qa3 a6 35. Kh2 Rc8 36. f3 Qc4 37. Re3 Qe6 38. Qa5 Qd6 39. Rc3 Rxc3 40. Bxc3
Bd3 1/2-1/2

[Event "27th ECC Women 2023"]
[Site "Durres ALB"]
[Date "2023.10.06"]
[Round "6.3"]
[Board "3"]
[White "Khademalsharieh, Sarasadat"]
[Black "Injac, Teodora"]
[Result "1/2-1/2"]
[WhiteTitle "IM"]
[BlackTitle "IM"]
[WhiteElo "2476"]
[BlackElo "2426"]
[WhiteTeam "Monte Carlo"]
[BlackTeam "Garuda Ajka BSK"]
[WhiteFideId "12512214"]
[BlackFideId "932400"]
[EventDate "2023.10.01"]

1. Nf3 d5 2. e3 Nf6 3. c4 e6 4. Nc3 b6 5. b3 Bb7 6. Bb2 Nbd7 7. cxd5 exd5 8. Rc1
a6 9. d4 Bd6 10. Bd3 O-O 11. O-O Qe7 12. Bf5 g6 13. Bh3 Ne4 14. Bxd7 Qxd7 15.
Ne5 Nxc3 16. Rxc3 Bxe5 17. dxe5 c5 18. b4 Qb5 19. Qb3 Qxb4 20. Qxb4 cxb4 21. Rc7
Bc8 22. Bd4 Bf5 23. Rfc1 a5 24. h3 Rfc8 25. Rxc8+ Rxc8 26. Rxc8+ Bxc8 27. Bxb6
a4 28. Bc5 b3 29. axb3 axb3 30. Ba3 Kg7 31. h4 f6 32. exf6+ Kxf6 33. f3 h5 34.
Kf2 Kf5 35. Bb2 Ba6 1/2-1/2

[Event "27th ECC Women 2023"]
[Site "Durres ALB"]
[Date "2023.10.06"]
[Round "6.3"]
[Board "4"]
[White "Gaal, Zsoka"]
[Black "Paehtz, Elisabeth"]
[Result "1/2-1/2"]
[WhiteTitle "WIM"]
[BlackTitle "GM"]
[WhiteElo "2305"]
[BlackElo "2484"]
[WhiteTeam "Garuda Ajka BSK"]
[BlackTeam "Monte Carlo"]
[WhiteFideId "777765"]
[BlackFideId "4641833"]
[EventDate "2023.10.01"]

1. d4 Nf6 2. c4 g6 3. Nc3 Bg7 4. e4 d6 5. Be2 Na6 6. Be3 O-O 7. Nf3 e5 8. O-O h6
9. dxe5 Ng4 10. Bf4 Nxe5 11. Nxe5 dxe5 12. Be3 Be6 13. Qc1 Kh7 14. Rd1 Qc8 15.
Nb5 f5 16. exf5 gxf5 17. f4 e4 18. Bd4 Rg8 19. Qe3 Nb4 20. Rd2 a6 21. Bxg7 axb5
22. Bc3 Nxa2 23. Be5 Nc3 24. Rxa8 Nxe2+ 25. Rxe2 Qxa8 26. Qc5 Qd8 27. Rd2 b6 28.
Rxd8 bxc5 29. Rxg8 Kxg8 30. cxb5 Bc4 31. Bxc7 Bxb5 32. Kf2 Bd3 33. Ke3 1/2-1/2

[Event "27th ECC Women 2023"]
[Site "Durres ALB"]
[Date "2023.10.06"]
[Round "6.4"]
[Board "1"]
[White "Song, Yuxin"]
[Black "Atalik, Ekaterina"]
[Result "1/2-1/2"]
[WhiteTitle "WIM"]
[BlackTitle "IM"]
[WhiteElo "2404"]
[BlackElo "2394"]
[WhiteTeam "TAJFUN SK Ljubljana"]
[BlackTeam "Gokturk Chess Sport Club"]
[WhiteFideId "8614300"]
[BlackFideId "4130189"]
[EventDate "2023.10.01"]

1. e4 c6 2. d4 d5 3. Nc3 dxe4 4. Nxe4 Bf5 5. Ng3 Bg6 6. h4 h6 7. Nf3 e6 8. Ne5
Bh7 9. Bd3 Bxd3 10. Qxd3 Nf6 11. Bd2 Bd6 12. Qe2 O-O 13. O-O-O Qc7 14. Nh5 Nxh5
15. Qxh5 Nd7 16. Nxd7 Qxd7 17. Kb1 Rfd8 18. Qg4 e5 19. Qxd7 Rxd7 20. dxe5 Bxe5
21. Be3 Rad8 22. Rxd7 Rxd7 23. Bxa7 b6 24. Bxb6 Rb7 25. Re1 Bf6 26. Bd8 Rxb2+
27. Kc1 Rxa2 28. Re8+ Kh7 29. Bxf6 gxf6 30. Rc8 Ra6 31. h5 Kg7 32. Kb2 f5 33. f4
Rb6+ 34. Ka2 Rb4 35. g3 Re4 36. Rxc6 Re3 37. Rd6 Rxg3 38. Rd3 Rg4 39. Rd4 Rh4
40. c4 Rxh5 41. c5 Rh1 42. Rc4 Re1 43. c6 Re8 44. Kb3 Kg6 45. c7 Rc8 46. Kb4 Kh5
47. Kb5 Kg4 48. Kc6 h5 49. Kd7 Rxc7+ 50. Kxc7 h4 51. Kd6 h3 52. Rc8 Kxf4 53. Rh8
Kg3 54. Ke5 h2 55. Kxf5 Kg2 1/2-1/2

[Event "27th ECC Women 2023"]
[Site "Durres ALB"]
[Date "2023.10.06"]
[Round "6.4"]
[Board "2"]
[White "Rakhmangulova, Anastasiya"]
[Black "Buksa, Nataliya"]
[Result "1/2-1/2"]
[WhiteTitle "WIM"]
[BlackTitle "IM"]
[WhiteElo "2354"]
[BlackElo "2361"]
[WhiteTeam "Gokturk Chess Sport Club"]
[BlackTeam "TAJFUN SK Ljubljana"]
[WhiteFideId "14117479"]
[BlackFideId "14123622"]
[EventDate "2023.10.01"]

1. e4 e5 2. Nf3 Nc6 3. Bc4 Nf6 4. d3 Bc5 5. Nc3 h6 6. h3 a6 7. O-O d6 8. Be3
Bxe3 9. fxe3 Na5 10. Bb3 Nxb3 11. axb3 O-O 12. Rf2 c6 13. Qd2 Qe7 14. Raf1 Nh7
15. Na4 Qc7 16. Nc3 Be6 17. d4 Rad8 18. Ne2 Bc8 19. b4 Rde8 20. Ng3 Qe7 21. c4
b6 22. Rd1 Ng5 23. dxe5 dxe5 24. Qd6 Nxf3+ 25. Rxf3 Qxd6 26. Rxd6 Re6 27. Rd2
Re7 28. c5 Rd7 29. Rff2 Rfd8 30. Nf1 b5 31. Rxd7 Rxd7 32. Rd2 Kf8 33. Rxd7 Bxd7
34. Kf2 Be6 35. Nd2 Ke7 36. g4 Kf6 37. Kg3 Ke7 38. Nf3 f6 39. Nh4 g5 40. Nf5+
Bxf5 41. exf5 1/2-1/2

[Event "27th ECC Women 2023"]
[Site "Durres ALB"]
[Date "2023.10.06"]
[Round "6.4"]
[Board "3"]
[White "Unuk, Laura"]
[Black "Demeter, Dorina"]
[Result "1/2-1/2"]
[WhiteTitle "IM"]
[BlackTitle "WFM"]
[WhiteElo "2313"]
[BlackElo "2115"]
[WhiteTeam "TAJFUN SK Ljubljana"]
[BlackTeam "Gokturk Chess Sport Club"]
[WhiteFideId "14609215"]
[BlackFideId "778079"]
[EventDate "2023.10.01"]

1. Nf3 d5 2. g3 Nf6 3. Bg2 e6 4. c4 dxc4 5. Na3 Bxa3 6. bxa3 O-O 7. Bb2 Nbd7 8.
Qc2 h6 9. Qxc4 Nb6 10. Qc2 Bd7 11. Ne5 Ba4 12. Qc1 Nbd5 13. O-O Qe7 14. Qc4 Nb6
15. Qc3 Nbd5 16. Qa5 Qe8 17. d3 b6 18. Qd2 Rd8 19. e4 Ne7 20. Nc4 Nd7 21. Qc3 f6
22. d4 Qf7 23. Ne3 c5 24. d5 exd5 25. exd5 Kh8 26. Rfe1 Nc8 27. Nf5 Rfe8 28.
Rac1 Qg6 29. Nh4 Qf7 30. Qc4 b5 31. Qg4 Nf8 32. Nf5 c4 33. Bd4 Qg6 34. Qf3 Nd7
35. Nh4 Qf7 36. Qf5 Nd6 37. Qf3 Ne5 38. Bxe5 Rxe5 39. Rxe5 fxe5 40. Qg4 g5 41.
Nf3 Rf8 42. Rf1 Qf6 43. h4 gxh4 44. Nxh4 Rg8 1/2-1/2

[Event "27th ECC Women 2023"]
[Site "Durres ALB"]
[Date "2023.10.06"]
[Round "6.4"]
[Board "4"]
[White "Aydin, Gulenay"]
[Black "Urh, Zala"]
[Result "1/2-1/2"]
[WhiteTitle "WFM"]
[BlackTitle "WIM"]
[WhiteElo "2143"]
[BlackElo "2216"]
[WhiteTeam "Gokturk Chess Sport Club"]
[BlackTeam "TAJFUN SK Ljubljana"]
[WhiteFideId "34557431"]
[BlackFideId "14611481"]
[EventDate "2023.10.01"]

1. e4 c5 2. Nf3 e6 3. c3 d5 4. exd5 Qxd5 5. d4 Nf6 6. Be3 Be7 7. Bd3 O-O 8. O-O
Rd8 9. Qe2 cxd4 10. cxd4 Nc6 11. Nc3 Qh5 12. a3 Bd6 13. Rad1 b6 14. Rfe1 Bb7 15.
Ne4 Bc7 16. Ng3 Bxg3 17. hxg3 Ng4 18. Be4 f5 19. Bd3 e5 20. d5 Ne7 21. Bg5 e4
22. Bxe7 exf3 23. Qe6+ Kh8 24. Bh4 Rxd5 25. Bb1 Qg6 26. Rxd5 Qxe6 27. Rxe6 Bxd5
28. Rd6 Re8 29. gxf3 Bxf3 30. Rd8 Rxd8 31. Bxd8 g6 32. Bc7 b5 33. Bd3 a6 34. a4
Bc6 35. f3 Ne3 36. Bb6 Nc4 37. axb5 axb5 38. Bxc4 bxc4 39. Kf2 Kg7 40. g4 Kf6
41. Kg3 Ke5 42. Be3 fxg4 43. fxg4 Ke4 44. Bh6 Bd7 45. Bg5 h5 1/2-1/2

[Event "27th ECC Women 2023"]
[Site "Durres ALB"]
[Date "2023.10.06"]
[Round "6.5"]
[Board "1"]
[White "Tsolakidou, Stavroula"]
[Black "Van Foreest, Machteld"]
[Result "1/2-1/2"]
[WhiteTitle "IM"]
[BlackTitle "FM"]
[WhiteElo "2385"]
[BlackElo "2266"]
[WhiteTeam "MSK Centar Asseco See"]
[BlackTeam "Schachgesellschaft Solingen"]
[WhiteFideId "4264312"]
[BlackFideId "1051563"]
[EventDate "2023.10.01"]

1. c4 Nf6 2. g3 e6 3. Bg2 d5 4. Nf3 dxc4 5. Qa4+ Nbd7 6. Qxc4 a6 7. Qc2 Bd6 8.
Nc3 O-O 9. O-O Qe7 10. d4 c6 11. Rd1 Rd8 12. b3 e5 13. Bg5 exd4 14. Nxd4 Be5 15.
Nf3 Bxc3 16. Qxc3 h6 17. Qe3 Re8 18. Qxe7 Rxe7 19. Bxf6 Nxf6 20. Rd8+ Re8 21.
Rxe8+ Nxe8 22. Ne5 Be6 23. Rd1 Kf8 24. e4 Ke7 25. f4 Rd8 26. Rxd8 Kxd8 27. f5 f6
28. Nxc6+ bxc6 29. fxe6 Ke7 30. e5 c5 31. exf6+ Nxf6 32. Bf1 a5 33. Bc4 Ng4 34.
Kg2 Ne5 35. Bd5 Kd6 36. h3 Ng6 37. Bc4 Ne5 38. Bd5 Ng6 39. Be4 Ne5 40. Kf2 Kxe6
41. Ke3 Nf7 42. Kf4 1/2-1/2

[Event "27th ECC Women 2023"]
[Site "Durres ALB"]
[Date "2023.10.06"]
[Round "6.5"]
[Board "2"]
[White "Muetsch, Annmarie"]
[Black "Narva, Mai"]
[Result "1/2-1/2"]
[WhiteTitle "WIM"]
[BlackTitle "IM"]
[WhiteElo "2262"]
[BlackElo "2399"]
[WhiteTeam "Schachgesellschaft Solingen"]
[BlackTeam "MSK Centar Asseco See"]
[WhiteFideId "12971367"]
[BlackFideId "4500512"]
[EventDate "2023.10.01"]

1. d4 Nf6 2. Bg5 d5 3. Nd2 Nbd7 4. Ngf3 h6 5. Bh4 e6 6. e3 Bd6 7. c4 c6 8. Be2
O-O 9. O-O Re8 10. Qc2 Be7 11. a3 Nh5 12. Bxe7 Qxe7 13. Ne5 Nhf6 14. f4 c5 15.
Bf3 Nb6 16. cxd5 Nbxd5 17. Qxc5 Nxe3 18. Rfc1 Ned5 19. g3 Bd7 20. Ndc4 b6 21.
Qxe7 Rxe7 22. Nd6 Rd8 23. Nb7 Rb8 24. Nd6 Rd8 25. Nb7 Rb8 26. Nd6 g6 27. b4 Rd8
28. Nb7 Rb8 29. Nd6 Rd8 30. Nb7 Rb8 31. Nd6 Rd8 32. Nb7 Rb8 1/2-1/2

[Event "27th ECC Women 2023"]
[Site "Durres ALB"]
[Date "2023.10.06"]
[Round "6.5"]
[Board "3"]
[White "Radeva, Viktoria"]
[Black "Jarocka, Liwia"]
[Result "1/2-1/2"]
[WhiteTitle "WGM"]
[BlackTitle "FM"]
[WhiteElo "2293"]
[BlackElo "2208"]
[WhiteTeam "MSK Centar Asseco See"]
[BlackTeam "Schachgesellschaft Solingen"]
[WhiteFideId "2915405"]
[BlackFideId "21807558"]
[EventDate "2023.10.01"]

1. e4 c5 2. Nf3 d6 3. d4 cxd4 4. Nxd4 Nf6 5. Nc3 Nc6 6. Bg5 e6 7. Qd3 Be7 8.
O-O-O O-O 9. f4 Qb6 10. Kb1 h6 11. Nxc6 bxc6 12. h4 Rd8 13. g4 Qa5 14. Qg3 Kf8
15. Bc4 hxg5 16. hxg5 Ng8 17. Rh8 d5 18. Qh4 Bb4 19. Qh7 Ke7 20. Rxg8 Rxg8 21.
Qxg8 Bxc3 22. bxc3 dxc4 23. Qxg7 Qb6+ 24. Ka1 Rb8 25. Qf6+ Ke8 26. Qh8+ Ke7 27.
Qf6+ Ke8 28. Qh8+ Ke7 29. Qf6+ Ke8 30. Qh8+ Ke7 31. Qh4 1/2-1/2

[Event "27th ECC Women 2023"]
[Site "Durres ALB"]
[Date "2023.10.06"]
[Round "6.5"]
[Board "4"]
[White "Bashylina, Luisa"]
[Black "Manova, Ivana"]
[Result "1/2-1/2"]
[WhiteTitle "WFM"]
[WhiteElo "2192"]
[BlackElo "1925"]
[WhiteTeam "Schachgesellschaft Solingen"]
[BlackTeam "MSK Centar Asseco See"]
[WhiteFideId "12983292"]
[BlackFideId "15003590"]
[EventDate "2023.10.01"]

1. d4 Nf6 2. c4 e6 3. Nc3 Bb4 4. a3 Bxc3+ 5. bxc3 c5 6. e3 O-O 7. Bd3 d5 8. cxd5
exd5 9. Ne2 Nc6 10. O-O Re8 11. f3 b6 12. Ra2 Bb7 13. g4 Nd7 14. Ng3 Nf8 15. Rg2
a5 16. Nf5 Ba6 17. Bxa6 Rxa6 18. Qe2 c4 19. e4 b5 20. Ne3 dxe4 21. fxe4 Rxe4 22.
Qf3 Qe8 23. Nd5 Ra7 24. Bf4 Ng6 25. Bg3 Qe6 26. Nf4 Nxf4 27. Bxf4 Ne7 28. Be5
Qd5 29. g5 Rd7 30. Rgf2 Ng6 31. Bg3 Qe6 32. Kh1 Qd5 33. Kg1 b4 34. axb4 axb4 35.
cxb4 Rxd4 36. Qxd5 R4xd5 37. Rc2 Rxg5 38. Rxc4 f6 39. Rc5 Rb7 40. Rxg5 fxg5 41.
Bd6 h6 42. Rb1 Kf7 43. Bc5 Ne5 44. b5 Ke6 45. Kg2 Nc4 46. b6 Kd5 47. Bg1 Nd6 48.
Rd1+ Ke5 49. h4 Ne4 50. Rc1 Kd5 51. hxg5 hxg5 52. Rc7 Rxc7 53. bxc7 Nd6 54. Bh2
Nc8 55. Kf3 Kc6 56. Kg4 Kd7 1/2-1/2

[Event "27th ECC Women 2023"]
[Site "Durres ALB"]
[Date "2023.10.06"]
[Round "6.6"]
[Board "1"]
[White "Toncheva, Nadya"]
[Black "Danielian, Elina"]
[Result "0-1"]
[WhiteTitle "FM"]
[BlackTitle "GM"]
[WhiteElo "2253"]
[BlackElo "2416"]
[WhiteTeam "GSK Kumanovo"]
[BlackTeam "SK Crvena zvezda Data Driven Lab"]
[WhiteFideId "2924056"]
[BlackFideId "13300210"]
[EventDate "2023.10.01"]

1. e4 d6 2. d4 Nf6 3. Nc3 g6 4. h4 h5 5. f3 c6 6. Be3 b5 7. Qd2 Bg7 8. Nh3 Bxh3
9. Rxh3 Nbd7 10. O-O-O Qc7 11. Kb1 Nb6 12. Bd3 b4 13. Ne2 a5 14. f4 Ng4 15. Bg1
d5 16. Nc1 e6 17. exd5 Nxd5 18. Be4 Nxf4 19. Bxc6+ Qxc6 20. Qxf4 Rc8 21. Qd2 O-O
22. Qe2 Rfd8 23. Rf3 Rd7 24. Nb3 Qd5 25. Rfd3 Rdc7 26. Nc5 Qd8 27. g3 Nf6 28.
Be3 Nd5 29. Bg5 Qf8 30. Rf1 a4 31. Nxe6 Qe8 32. Nf4 Qxe2 33. Nxe2 Rxc2 34. Nf4
Nb6 35. Be7 Rh2 36. Rc1 Nc4 37. Ka1 b3 38. Nd5 Rxb2 39. Bb4 Rxa2+ 40. Kb1 Rb2+
41. Ka1 Rg2 42. Ne7+ Kh7 43. Nxc8 b2+ 44. Kb1 bxc1=Q+ 45. Kxc1 Bh6+ 0-1

[Event "27th ECC Women 2023"]
[Site "Durres ALB"]
[Date "2023.10.06"]
[Round "6.6"]
[Board "2"]
[White "Mkrtchian, Lilit"]
[Black "Eric, Jovana"]
[Result "1-0"]
[WhiteTitle "IM"]
[BlackTitle "WGM"]
[WhiteElo "2389"]
[BlackElo "2146"]
[WhiteTeam "SK Crvena zvezda Data Driven Lab"]
[BlackTeam "GSK Kumanovo"]
[WhiteFideId "13300601"]
[BlackFideId "938238"]
[EventDate "2023.10.01"]

1. Nf3 d5 2. e3 Nf6 3. c4 c6 4. Nc3 Bf5 5. d4 e6 6. Nh4 Bg6 7. Be2 Nbd7 8. g3
Ne4 9. Nxg6 hxg6 10. Nxe4 dxe4 11. Qc2 f5 12. Bd2 Kf7 13. f3 Nf6 14. O-O-O b5
15. fxe4 Nxe4 16. Rdf1 Nxd2 17. Qxd2 Be7 18. Kb1 Bf6 19. Rc1 Rb8 20. cxb5 cxb5
21. Rc5 Be7 22. Rc2 Qd5 23. Qd1 Rbc8 24. Bf3 Qd7 25. Rxc8 Rxc8 26. Qb3 Rc4 27.
Be2 Rb4 28. Qc2 Qd5 29. Rc1 e5 30. dxe5 Qxe5 31. a3 Re4 32. Qb3+ Kf6 33. Rc6+
Bd6 34. Bxb5 Kg5 35. h4+ Kf6 36. Qg8 Qe7 37. Qd5 Re6 38. Bc4 a5 39. g4 fxg4 40.
Qg5+ Kf7 41. Qxg4 1-0

[Event "27th ECC Women 2023"]
[Site "Durres ALB"]
[Date "2023.10.06"]
[Round "6.6"]
[Board "3"]
[White "Djukic, Sandra"]
[Black "Velikic, Adela"]
[Result "0-1"]
[WhiteTitle "WIM"]
[BlackTitle "WIM"]
[WhiteElo "2121"]
[BlackElo "2274"]
[WhiteTeam "GSK Kumanovo"]
[BlackTeam "SK Crvena zvezda Data Driven Lab"]
[WhiteFideId "931390"]
[BlackFideId "913553"]
[EventDate "2023.10.01"]

1. d4 d5 2. c4 e6 3. Nf3 Nf6 4. cxd5 exd5 5. Nc3 Bb4 6. Bg5 h6 7. Bh4 g5 8. Bg3
Ne4 9. Nd2 Nxg3 10. hxg3 c6 11. Qc2 Be6 12. e3 Nd7 13. Bd3 h5 14. a3 Be7 15. Bf5
Nf8 16. g4 Qd7 17. Bxe6 Qxe6 18. gxh5 Qg4 19. Nf1 Qxg2 20. Ng3 Qf3 21. Qe2 Qf6
22. Qg4 Nd7 23. Nf5 O-O-O 24. O-O-O Qe6 25. Rdg1 Rdg8 26. Na4 Bf8 27. Nc3 Nf6
28. Qf3 g4 29. Qf4 Rxh5 30. Ng3 Bh6 31. Qxh6 Rxh6 32. Rxh6 Rg6 33. Rh8+ Rg8 34.
Rh6 Rg6 35. Rh8+ Kc7 36. Nce2 Rg8 37. Rh6 Rg6 38. Rh8 Rg8 39. Rh6 Qe7 40. Nf4
Ne4 41. Nxe4 Qxe4 42. Rg3 Kb6 43. Kd2 Rg5 44. Rf6 Qb1 45. Rxf7 Qxb2+ 46. Ke1 Rg8
47. Ne2 Rh8 48. Rg1 Rh2 49. Rg7 Qxa3 0-1

[Event "27th ECC Women 2023"]
[Site "Durres ALB"]
[Date "2023.10.06"]
[Round "6.6"]
[Board "4"]
[White "Srdanovic, Jovana"]
[Black "Trajkovska, Sanja"]
[Result "1-0"]
[WhiteTitle "WIM"]
[WhiteElo "2143"]
[BlackElo "1864"]
[WhiteTeam "SK Crvena zvezda Data Driven Lab"]
[BlackTeam "GSK Kumanovo"]
[WhiteFideId "954810"]
[BlackFideId "15001822"]
[EventDate "2023.10.01"]

1. d4 f5 2. c4 e6 3. Nc3 Nf6 4. g3 Be7 5. Bg2 d5 6. Nf3 c6 7. O-O Ne4 8. Ne5 Nd7
9. Bf4 g5 10. e3 h5 11. Nxd7 gxf4 12. Ne5 fxg3 13. Nxe4 gxh2+ 14. Kh1 fxe4 15.
f3 Bd6 16. fxe4 Bxe5 17. dxe5 dxc4 18. Qxd8+ Kxd8 19. Rf7 b5 20. Rd1+ Ke8 21.
Rc7 Rf8 22. Kxh2 Rf7 23. Rxc6 Bd7 24. Rc7 Kd8 25. Rc5 a6 26. Rc6 Ke8 27. Rcd6
Ra7 28. R1d2 Rg7 29. Bf3 Rg5 30. Kh3 Ke7 31. a3 Rxe5 32. Kg3 Rc5 33. Kf4 c3 34.
bxc3 Rxc3 35. R2d3 Rxd3 36. Rxd3 Be8 37. Rc3 a5 38. e5 Kd8 39. Rd3+ Kc7 40. Rd6
Bf7 41. Rc6+ Kd8 42. Rb6 b4 43. axb4 a4 44. Rd6+ Kc7 45. b5 Kc8 46. b6 Re7 47.
b7+ Rxb7 48. Bxb7+ Kxb7 49. Rd7+ Kb6 50. Rxf7 a3 51. Ke4 1-0

[Event "27th ECC Women 2023"]
[Site "Durres ALB"]
[Date "2023.10.06"]
[Round "6.7"]
[Board "3"]
[White "Iglesias, Yosha"]
[Black "Yao, Lan"]
[Result "0-1"]
[WhiteTitle "FM"]
[BlackTitle "WIM"]
[WhiteElo "2259"]
[BlackElo "2311"]
[WhiteTeam "Asnieres - Le Grand Echiquier"]
[BlackTeam "Wood Green"]
[WhiteFideId "637823"]
[BlackFideId "8610835"]
[EventDate "2023.10.01"]

1. d4 Nf6 2. Bf4 d5 3. Nf3 c5 4. e3 Nc6 5. Nbd2 Qb6 6. dxc5 Qxb2 7. Rb1 Qc3 8.
Bb5 e6 9. O-O Be7 10. e4 O-O 11. e5 Nd7 12. Nb3 Qb4 13. Nbd4 Qxc5 14. Bd3 Nxd4
15. Nxd4 g6 16. Nf3 Qc7 17. Qd2 Re8 18. Rfe1 Nc5 19. Bg5 b6 20. Qf4 f5 21. Qh4
Bxg5 22. Nxg5 Qg7 23. Bb5 Bd7 24. c4 Bxb5 25. Rxb5 dxc4 26. Qxc4 Rac8 27. h4 h6
28. Nf3 Qd7 29. Ra1 Ne4 30. Qb3 Rc3 31. Qb2 Rec8 32. Rf1 Rc2 33. Qb1 Nxf2 0-1

[Event "27th ECC Women 2023"]
[Site "Durres ALB"]
[Date "2023.10.07"]
[Round "7.1"]
[Board "1"]
[White "Houska, Jovanka"]
[Black "Stefanova, Antoaneta"]
[Result "1-0"]
[WhiteTitle "IM"]
[BlackTitle "GM"]
[WhiteElo "2340"]
[BlackElo "2424"]
[WhiteTeam "Wood Green"]
[BlackTeam "Teuta"]
[WhiteFideId "405094"]
[BlackFideId "2902257"]
[EventDate "2023.10.01"]

1. d4 d5 2. c4 e6 3. Nc3 Nf6 4. cxd5 exd5 5. Bg5 c6 6. e3 h6 7. Bh4 Be7 8. Bd3
Nbd7 9. h3 O-O 10. Qc2 Re8 11. Nf3 Ne4 12. Bxe7 Qxe7 13. Bxe4 dxe4 14. Nd2 f5
15. g4 Nf6 16. gxf5 Bxf5 17. O-O-O c5 18. dxc5 Qxc5 19. Nb3 Qe5 20. Nd4 Be6 21.
Nxe6 Rxe6 22. Rd4 Rc8 23. Rhd1 Kh7 24. Kb1 Qh2 25. Rb4 b6 26. Qa4 Qxf2 27. Qxa7
Qxe3 28. Rb3 Qf3 29. Rg1 Rg8 30. Qf7 Rd6 31. Nd5 e3 32. Nxe3 Qe4+ 33. Ka1 Rd7
34. Qc4 Re8 35. a3 Ree7 36. Qb5 Rb7 37. Nc4 Qf4 38. Rbg3 Ne4 39. Rg4 Qf6 40. Ne3
Re5 41. Qd3 Qd6 42. Qc2 Rbe7 43. Nc4 Qc6 44. Qg2 Rg5 45. Rxg5 hxg5 46. Nd2 Qg6
47. Nf3 Qf6 48. Qg4 g6 49. Re1 Ra7 50. Re3 Nc5 51. Nxg5+ Kh6 52. Qh4+ Kg7 53.
Rf3 Rxa3+ 54. Rxa3 Qf1+ 55. Ka2 1-0

[Event "27th ECC Women 2023"]
[Site "Durres ALB"]
[Date "2023.10.07"]
[Round "7.1"]
[Board "2"]
[White "Socko, Monika"]
[Black "Yao, Lan"]
[Result "1/2-1/2"]
[WhiteTitle "GM"]
[BlackTitle "WIM"]
[WhiteElo "2380"]
[BlackElo "2311"]
[WhiteTeam "Teuta"]
[BlackTeam "Wood Green"]
[WhiteFideId "1106619"]
[BlackFideId "8610835"]
[EventDate "2023.10.01"]

1. d4 Nf6 2. Nf3 d5 3. g3 e6 4. Bg2 c5 5. O-O Nc6 6. b3 Be7 7. dxc5 Bxc5 8. Bb2
O-O 9. Nbd2 Re8 10. c4 d4 11. a3 a5 12. b4 axb4 13. Nb3 Bf8 14. axb4 Rxa1 15.
Qxa1 Bxb4 16. Nfxd4 Nxd4 17. Bxd4 Qe7 18. c5 e5 19. Qa4 exd4 20. Qxb4 Qxe2 21.
Nxd4 Qe7 22. Rc1 Ng4 23. Qc3 Qf6 24. Nf3 Ne5 25. Nxe5 Qxe5 26. Qb4 Qg5 27. Rd1
g6 28. h4 Qe5 29. Rc1 Re7 30. Qb6 Kg7 31. Qd6 Re6 32. Qd2 Re7 33. Qb4 Qf6 34.
Re1 Re5 35. Rxe5 Qxe5 36. Kh2 h6 37. f4 Qf5 38. Qd4+ Qf6 39. Qxf6+ Kxf6 40. Bd5
g5 41. Kg2 gxf4 42. gxf4 Kg6 43. Kf3 f6 44. Be4+ Kf7 45. Ke3 Ke7 46. Kd4 Kd8 47.
Kd5 Ke7 48. Kd4 Kd8 49. Bd5 Kc7 50. Bf3 Bd7 51. Bd1 Bc6 52. Bb3 Bg2 53. Bf7 b6
54. cxb6+ Kxb6 55. Bd5 Bh3 56. Be4 Kc7 57. Bd5 1/2-1/2